Effect of using fertilizer by drip irrigation system on corn (zea mayus) , ប្រសិទ្ធភាពនៃការប្រើប្រាស់ជីតាមប្រព័ន្ធស្រោចស្រពដោយដំណក់ទឹក (Drip) លើដំណាំពោត​ (Zea mays ) (Record no. 7487)

000 -LEADER
fixed length control field 00692nam a22001337a 4500
040 ## - CATALOGING SOURCE
Transcribing agency RUA
082 ## - DEWEY DECIMAL CLASSIFICATION NUMBER
Classification number AGR TEP 2014 B458 Or.1
100 ## - MAIN ENTRY--AUTHOR NAME
Personal name TEP SREYMOM ; ទេព ស្រីមុំ
245 ## - TITLE STATEMENT
Title Effect of using fertilizer by drip irrigation system on corn (zea mayus) , ប្រសិទ្ធភាពនៃការប្រើប្រាស់ជីតាមប្រព័ន្ធស្រោចស្រពដោយដំណក់ទឹក (Drip) លើដំណាំពោត​ (Zea mays )
260 ## - PUBLICATION, DISTRIBUTION, ETC. (IMPRINT)
Place of publication Phnom Penh
Name of publisher RUA
Year of publication 2014
300 ## - PHYSICAL DESCRIPTION
Number of Pages xii ;57p.
Other physical details ill.
Dimensions 29cm.
856 ## - ELECTRONIC LOCATION AND ACCESS
Uniform Resource Identifier https://drive.google.com/file/d/1ZAqR3lqw6izgg_0z91l4K8araTCDny5k/view?usp=sharing
942 ## - ADDED ENTRY ELEMENTS (KOHA)
Koha item type AGR
952 ## - LOCATION AND ITEM INFORMATION (KOHA)
Withdrawn status [LOCAL, KOHA] 0
952 ## - LOCATION AND ITEM INFORMATION (KOHA)
Withdrawn status [LOCAL, KOHA] 0
952 ## - LOCATION AND ITEM INFORMATION (KOHA)
Withdrawn status [LOCAL, KOHA] 0
952 ## - LOCATION AND ITEM INFORMATION (KOHA)
Withdrawn status [LOCAL, KOHA] 0
952 ## - LOCATION AND ITEM INFORMATION (KOHA)
Withdrawn status [LOCAL, KOHA] 0
952 ## - LOCATION AND ITEM INFORMATION (KOHA)
Withdrawn status [LOCAL, KOHA] 0
952 ## - LOCATION AND ITEM INFORMATION (KOHA)
Withdrawn status [LOCAL, KOHA] 0
952 ## - LOCATION AND ITEM INFORMATION (KOHA)
Withdrawn status [LOCAL, KOHA] 0
Holdings
Permanent Location Date acquired Koha item type Lost status Shelving location Barcode Current Location Full call number
Library Block B2016-03-10AGR B458RUA055954Library Block BAGR TEP 2014 B458 Or.1
Library Block B2016-03-10AGR B458RUA056076Library Block BAGR TEP 2014 B458 Or.2
Library Block B2016-03-10AGR B458RUA055697Library Block BAGR TEP 2014 B458 Or.3
Library Block B2016-03-10AGR B458RUA056126Library Block BAGR TEP 2014 B458 Or.4
Library Block B2016-03-10AGR B458RUA056306Library Block BAGR TEP 2014 B458 Or.5
Library Block B2016-03-10AGR B458RUA056668Library Block BAGR TEP 2014 B458 Or.6
Library Block B2016-03-10AGR B458RUA056401Library Block BAGR TEP 2014 B458 Or.7
Library Block B2016-03-10AGR B458RUA056852Library Block BAGR TEP 2014 B458 Or.8
មជ្ឈមណ្ឌលឯការនៃសាកលវិទ្យាល័យភូមិន្ទកសិកម្មចំការដូង

Powered by Koha